00703nam a22002177a 4500003000900000005001700009008003000026020001800056040002300074082002900097100003200126245004600158250001200204260003600216300002200252500007400274650002400348650002900372650005700401650002700458DO-SdBNP20240712104257.0210415b2015 dr 00| 0 spa d a9789945084481 aBPMSUbspa cBPMSU 4aRD863.44bV297r 20152221 aVarga, Rosa Julia d1978 - 13aEl rastro de Caín /cRosa Julia Vargas  a 2a. ed aSanto Domingo :bBúho c2015. a250 p. ;c19 cm . aIncluye Datos biográficos de la autora en la solapas de la cubierta 4aNovela dominicana  4aNovela social dominicana 4aProblemas sociales zRepública Dominicana vNovela 4aLiteratura dominicana